Электровакуумные пространства Штеккеля-Вайдья типа (n.I); Проблемы гравитации

Bibliografske podrobnosti
Parent link:Проблемы гравитации.— 1986.— С. 159-167
Drugi avtorji: Багров В. Г. Владислав Гаврилович, Обухов В. В., Шаповалов А. В. Александр Васильевич, Осетрин К. Е.
Jezik:ruščina
Izdano: 1986
Teme:
Format: MixedMaterials Book Chapter
KOHA link:https://koha.lib.tpu.ru/cgi-bin/koha/opac-detail.pl?biblionumber=252966

MARC

LEADER 00000naa2a2200000 4500
001 252966
005 20231031214126.0
035 |a (RuTPU)RU\TPU\book\275333 
090 |a 252966 
100 |a 20140306d1986 k y0rusy50 ca 
101 0 |a rus 
102 |a RU 
200 1 |a Электровакуумные пространства Штеккеля-Вайдья типа (n.I)  |f В. Г. Багров [и др.] 
320 |a Библиогр.: с. 167 (8 назв.) 
463 0 |0 (RuTPU)RU\TPU\book\274608  |t Проблемы гравитации  |o сборник статей  |f под ред. Д. В. Гальцова  |v С. 159-167  |d 1986  |p 240 с. 
610 1 |a труды учёных ТПУ 
701 1 |a Багров  |b В. Г.  |c физик  |c профессор Томского государственного университета  |f 1938-  |g Владислав Гаврилович  |2 stltpush  |3 (RuTPU)RU\TPU\pers\19767 
701 1 |a Обухов  |b В. В. 
701 1 |a Шаповалов  |b А. В.  |c математик  |c профессор Томского политехнического университета, доктор физико-математических наук  |f 1949-  |g Александр Васильевич  |2 stltpush  |3 (RuTPU)RU\TPU\pers\24404 
701 1 |a Осетрин  |b К. Е. 
801 1 |a RU  |b 63413507  |c 20140306 
942 |c BK